Statistics for Arctic Cities

Click here to take the quiz!

General Stats

  • This quiz has been taken 30 times
  • The average score is 4 of 20

Answer Stats

Population Country City % Correct
301,572RussiaMurmansk
84%
73,480NorwayTromsø
74%
177,428RussiaNorilsk
47%
40,209NorwayBodø
32%
59,231RussiaVorkuta
32%
18,016SwedenKiruna
32%
21,658RussiaNaryan-Mar
16%
14,737NorwayAlta
16%
56,730RussiaApatity
16%
21,978RussiaDudinka
11%
51,004RussiaSeveromorsk
11%
20,793NorwayHarstad
11%
32,592RussiaKandalaksha
5%
26,971RussiaKirovsk
5%
42,983RussiaMonchegorsk
5%
21,097RussiaOlenegorsk
0%
17,296RussiaPolyarny
0%
17,110RussiaKovdor
0%
15,211RussiaZapolyarny
0%
26,396RussiaLabytangi
0%

Score Distribution

Percentile by Number Answered

Percent of People with Each Score

Your Score History

You have not taken this quiz